A szegedi múzeum sorsa
Elmentve itt :
| Szerző: | |
|---|---|
| Dokumentumtípus: | Cikk |
| Megjelent: |
1935-01-11
|
| Sorozat: | Délmagyarország
11 No. 9 |
| Kulcsszavak: | Szeged művelődésügy, Múzeum Szeged |
| Online Access: | http://dmarchiv.bibl.u-szeged.hu/48701 |
| LEADER | 00470nab a2200157 i 4500 | ||
|---|---|---|---|
| 001 | delm48701 | ||
| 005 | 20180927134858.0 | ||
| 008 | 180927s1935 hu o 0|| hun d | ||
| 040 | |a SZTE Délmagyarország Archívum |b hun | ||
| 041 | |a hun | ||
| 100 | 1 | |a Tonelli Sándor | |
| 245 | 1 | 2 | |a A szegedi múzeum sorsa |h [elektronikus dokumentum] / |c Tonelli Sándor |
| 260 | |c 1935-01-11 | ||
| 300 | |a 1-2 | ||
| 490 | 0 | |a Délmagyarország |v 11 No. 9 | |
| 695 | |a Szeged művelődésügy, Múzeum Szeged | ||